书目信息 |
| 书名: | Thermodynamics | |
| 作者: | Virgil Moring Faires, Clifford Max Simmang. | |
| 分册号: | ||
| 分册名: | 出版地: | New York : |
|
| 出版社: | Macmillan | |
| 出版时间: | c1978. | |
| 页数: | xxiii, 647 p. : | |
| 开本: | 26 cm. | |
| 丛书名: | ||
| 中图分类号: | ||
| 科图分类号: | ||
| 其他分类号: | O55:H31 | |
| 主题词: | ||
| 电子资源: | ||
| 000 | 00878pam a2200277 i 450 | |
| 001 | E0761723255 | |
| 005 | 20070305171057.43 | |
| 008 | 770308s1978 nyua b 001 0 eng | |
| 010 | @a77003662 | |
| 020 | @a0023355301. | |
| 035 | @A(DLC) 77003662 | |
| 040 | @aDLC@cDLC@dDLC | |
| 050 | 00 | @aTJ265@b.F3 1978 |
| 082 | 00 | @a536/.7 |
| 090 | @aO55:H31 | |
| 099 | @dO55:H31@ex2=6 | |
| 100 | 1 | @aFaires, Virgil Moring,@d1897- |
| 245 | 10 | @aThermodynamics / @cVirgil Moring Faires, Clifford Max Simmang. |
| 250 | @a6th ed. | |
| 260 | @aNew York :@bMacmillan,@cc1978. | |
| 300 | @axxiii, 647 p. :@bill. ;@c26 cm. | |
| 504 | @aIncludes bibliographical references and index. | |
| 650 | 0 | @aThermodynamics. |
| 700 | 1 | @aSimmang, Clifford M.,@ejoint author. |
| 906 | @a7@bcbc@corignew@d1@eocip@f19@gy-gencatlg | |
| 991 | @bc-GenColl@hTJ265@i.F3 1978@p0000456215A@tCopy 1@wBOOKS | |
| Thermodynamics / / Virgil Moring Faires, Clifford Max Simmang.-6th ed.-New York : : Macmillan, , c1978. |
| xxiii, 647 p. : : ill. ; ; 26 cm. |
| Includes bibliographical references and index. |
| ISBN 0023355301. |
| ● |
| 相关链接 |
|
|
|
|
正题名:Thermodynamics
索取号:O55:H31/x2=6
 
预约/预借
| 序号 | 登录号 | 条形码 | 馆藏地/架位号 | 状态 | 备注 |
| 1 | 0000036 | 300000362 | 第四借阅区/ [索取号:O55:H31/x2=6] | 在馆 |